Gaming Quiz

Random Gaming or Board Games Quiz

60 Second SPORCLE Blitz: Monopoly Board Quiz Stats

 Plays Quiz Updated Jun 18, 2020

Support Sporcle.
Go Orange.
Score 0/7 Timer 01:00
1 Play Today
Letter Spaces % Correct
PPennsylvania Avenue
93.8%
CCommunity Chest
72.1%
RReading Railroad
70.7%
OOriental Avenue
66%
SSt. Charles Place
64.6%
EElectric Company
52.9%
LLuxury Tax
48.3%

From the Vault

Which Logo Is It?

by Cutthroat

This quiz is an advertiser's dream come true.
Remove Ads.
Support Sporcle.
Get the best of Sporcle when you Go Orange. This ad-free experience offers more features, more stats, and more fun while also helping to support Sporcle. Thank you for becoming a member.

Show Comments

Extras

Top Quizzes Today


Score Distribution

Your Account Isn't Verified!

In order to create a playlist on Sporcle, you need to verify the email address you used during registration. Go to your Sporcle Settings to finish the process.

Report this User

Report this user for behavior that violates our Community Guidelines.

Details: